| 000 | 01618nam a22004337a 4500 | ||
|---|---|---|---|
| 003 | CHAP | ||
| 005 | 20220817044106.0 | ||
| 008 | 060331s2004 mx r 00010 spa d | ||
| 010 | _a91987 | ||
| 011 | _a92959 | ||
| 020 | _a9688385700 | ||
| 035 | _a103526 | ||
| 040 | _cCHAP | ||
| 090 | _aFolleto 17263 | ||
| 100 | 1 |
_aFreije, Samuel _943149 |
|
| 245 | 1 | 0 |
_aOrigen de los cambios en la desigualdad salarial urbana, nacional y regional, en México _c/por Samuel Freije, Luis Felipe López Calva y Cristina Rodríguez |
| 260 |
_aMéxico, D. F. : _bSecretaría de Desarrollo Social, _c2004 |
||
| 300 |
_a62 p. : _bgráfs., tablas |
||
| 490 | 0 |
_aDocumentos de investigación _v; 10 |
|
| 590 |
_aBATCH-UPD _b10 _c20130110 _lUCH01 _h0232 |
||
| 590 |
_aBATCH-UPD _b10 _c20130110 _lUCH01 _h0957 |
||
| 590 |
_aBATCH-UPD _b10 _c20130409 _lUCH01 _h2256 |
||
| 590 |
_aBATCH-UPD _b10 _c20130410 _lUCH01 _h1416 |
||
| 590 |
_aBATCH-UPD _b10 _c20130914 _lUCH01 _h1152 |
||
| 590 |
_aCONVERSION _b10 _c20130109 _lUCH01 _h1351 |
||
| 650 | 1 | 4 | _aDesarrollo económico. |
| 650 | 1 | 4 |
_aDesarrollo rural. _932067 |
| 650 | 1 | 4 |
_aSalarios _zMéxico. _9101273 |
| 650 | 1 | 4 |
_aTrabajo _xOfertas de. _9114483 |
| 700 | 0 |
_aRodríguez García, Cristina. _998509 |
|
| 700 | 1 |
_aLópez Calva, Luis F. _967732 |
|
| 710 | 0 | 0 | _aMéxico. Secretaría de Desarrollo Social. |
| 830 | 0 |
_aDocumentos de investigación _v; 10 |
|
| 901 | _aBK | ||
| 905 | _aMarco A. Mendoza T. | ||
| 942 | _cFOLL | ||
| 949 |
_aFolleto 17263 _bBC _cFOLL _d33724002002736 _eTS1 _gDonaciØn _i103526 _sb |
||
| 949 |
_aFolleto 17263 _bBC _cFOLL _d33724002055827 _eTS2 _fc.2 _gDonaciØn _i103526 _sb |
||
| 999 |
_c91987 _d91987 |
||